1 Word Harry Potter Character Quiz - Statistics

General Stats
  • This quiz has been taken 65 times
  • The average score is 12 of 15
Answer Stats
Hint Answer % Correct
Scar Harry Potter
98%
Headmaster Albus Dumbledore
94%
Hand-Me-Down Ron Weasley
94%
Bookworm Hermione Granger
93%
Bully Draco Malfoy
91%
Noseless Voldemort
91%
Toad Neville Longbottom
89%
Werewolf Remus Lupin
89%
Azkaban Sirius Black
87%
Animagus Minerva Mcgonagall
72%
Shy (In The Films) Ginny Weasley
67%
Cats Dolores Umbridge
59%
Memories Severus Snape
59%
Sacrifice Lily Potter
52%
Turban Quirinus Quirell
44%
No matching quizzes found
Score Distribution
Percent of People with Each Score
Percentile by Number Answered
Your Score History
You have not taken this quiz